[Event "265th YMCA Autumn B"]
[Site "Warsaw"]
[Date "2022.10.26"]
[Round "5"]
[White "Pichurko, Jakub"]
[Black "Tsiapko, Andrii"]
[Result "1/2-1/2"]
[WhiteElo "1698"]
[BlackElo "1590"]
[PlyCount "78"]
[EventDate "2022.09.28"]
[EventType "tourn"]
[EventRounds "1"]
[EventCountry "POL"]
[SourceDate "2022.09.28"]

1. d4 d5 2. Bf4 Nf6 3. e3 e6 4. c3 Bd6 5. Bg3 O-O 6. Nd2 c5 7. Ngf3 Qc7 8. Bd3
Nbd7 9. Bxd6 Qxd6 10. O-O b6 11. Re1 Bb7 12. Qb1 e5 13. Nxe5 Nxe5 14. dxe5 Qxe5
15. Nf3 Qc7 16. Be2 Rad8 17. Qf5 Ne4 18. Rad1 Rd6 19. Qf4 Qe7 20. c4 Rfd8 21.
cxd5 Bxd5 22. a3 Rf6 23. Qh4 Qe8 24. Qh5 Rfd6 25. h3 h6 26. Rf1 Qe6 27. Qe5 $11
Qxe5 28. Nxe5 Bb3 29. Rxd6 Rxd6 30. Bc4 Bxc4 31. Nxc4 Rd3 32. f3 Ng3 33. Re1 b5
34. Kf2 Nf5 35. Ne5 Rd6 36. g4 Ne7 37. Ke2 f6 38. Nd3 c4 39. Nc5 Kf7 1/2-1/2

[Event "265th YMCA Autumn B"]
[Site "Warsaw"]
[Date "2022.10.26"]
[Round "5"]
[White "Bartczak, Hanna"]
[Black "Szumigaj, Marcin"]
[Result "1/2-1/2"]
[WhiteElo "1501"]
[BlackElo "1510"]
[PlyCount "73"]
[EventDate "2022.09.28"]
[EventType "tourn"]
[EventRounds "1"]
[EventCountry "POL"]
[SourceDate "2022.09.28"]

1. d4 d5 2. c4 c6 3. cxd5 cxd5 4. Nf3 Nf6 5. e3 e6 6. Bd3 Bd6 7. Nc3 O-O 8. O-O
Nbd7 9. e4 dxe4 10. Nxe4 Nxe4 11. Bxe4 Nf6 12. Bc2 h6 13. Qd3 Qa5 14. Bd2 Qh5
15. Bc3 b6 16. Ne5 Bb7 17. h3 Rfd8 18. Qe3 Nd5 19. Qe4 f5 20. Qf3 Qxf3 21. Nxf3
Nxc3 22. bxc3 Bxf3 23. gxf3 Rac8 24. Bb3 Kf7 25. Rfe1 Re8 26. Re3 Bf4 27. Rd3
Kf6 28. Rad1 e5 29. dxe5+ Bxe5 30. c4 Rc7 31. Kg2 Kg5 32. Rd5 Rc5 33. Rd7 a5
34. Rb7 Re6 35. Rdd7 g6 36. Rd3 Kf6 37. Rbd7 $11 1/2-1/2

[Event "265th YMCA Autumn B"]
[Site "Warsaw"]
[Date "2022.10.26"]
[Round "5"]
[White "Krogulski, Maksymilian"]
[Black "Klim, Juliusz"]
[Result "0-1"]
[WhiteElo "1559"]
[BlackElo "1471"]
[PlyCount "108"]
[EventDate "2022.09.28"]
[EventType "tourn"]
[EventRounds "1"]
[EventCountry "POL"]
[SourceDate "2022.09.28"]

1. e4 c5 2. Nf3 d6 3. c3 Nf6 4. h3 Nc6 5. Bd3 d5 6. exd5 Qxd5 7. Bc2 Bf5 8.
Bxf5 Qxf5 9. O-O e6 10. Re1 Be7 11. d4 Rd8 12. Be3 O-O 13. Nbd2 Nd5 14. Qb1
Qxb1 15. Raxb1 h6 16. dxc5 Nxe3 17. fxe3 $11 Bxc5 18. Nb3 Bb6 19. Kf2 Ne7 20.
Rbd1 Nd5 21. a3 Nxe3 22. Rxd8 Nd5+ 23. Nbd4 Rxd8 24. g3 Nc7 25. Ke2 g6 26. Rd1
e5 27. Nc2 Rxd1 28. Kxd1 f6 29. Ke2 Kf7 30. Kd3 Ke6 31. Kc4 Nd5 32. b4 Ne3+ 33.
Nxe3 Bxe3 34. g4 f5 35. gxf5+ gxf5 36. Kd3 e4+ 37. Kxe3 exf3 38. Kxf3 b5 39.
Kf4 Kf6 40. h4 h5 41. c4 bxc4 42. a4 c3 43. Ke3 Ke5 44. Kd3 c2 45. Kxc2 Kd4 46.
Kb1 Kc4 47. Ka2 f4 48. Ka3 f3 49. Ka2 Kxb4 50. Ka1 f2 51. Ka2 f1=Q 52. a5 Qe2+
53. Ka1 Kb3 54. a6 Qd1# 0-1

[Event "265th YMCA Autumn B"]
[Site "Warsaw"]
[Date "2022.10.26"]
[Round "5"]
[White "Jaroszuk, Marcin"]
[Black "Kurowski, Maciej"]
[Result "0-1"]
[WhiteElo "1495"]
[BlackElo "1575"]
[PlyCount "94"]
[EventDate "2022.09.28"]
[EventType "tourn"]
[EventRounds "1"]
[EventCountry "POL"]
[SourceDate "2022.09.28"]

1. Nf3 d5 2. g3 Nf6 3. Bg2 Bf5 4. O-O e6 5. d4 Nbd7 6. c4 c6 7. Nc3 h6 8. Nd2
Be7 9. e4 dxe4 10. Ndxe4 Nxe4 11. Bxe4 Bxe4 12. Nxe4 O-O 13. Qe2 Nf6 14. Rd1
Nxe4 15. Qxe4 Bf6 16. Bf4 Qe7 17. Be5 Rfd8 18. Rd3 Bxe5 19. Qxe5 Rd7 20. Rad1
Rad8 21. Kf1 Qb4 22. b3 a5 23. a4 b6 24. h4 Qe7 25. Qe4 Rd6 26. d5 cxd5 27.
cxd5 Qb7 28. Qe3 Rxd5 29. Rxd5 Rxd5 30. Rxd5 exd5 31. Qe8+ Kh7 32. Qb5 g6 33.
Qd3 h5 34. Qd4 Qc6 35. Qf4 Qe6 36. Qd4 Qh3+ 37. Kg1 Qe6 38. Kf1 Qd6 39. Kg1 Kg8
40. Kg2 Qc5 41. Qf6 d4 42. Qd8+ Kg7 43. Qb8 Qd5+ 44. Kh2 d3 45. Qxb6 d2 46. Qe3
d1=Q 47. Qc3+ Kh7 0-1

[Event "265th YMCA Autumn B"]
[Site "Warsaw"]
[Date "2022.10.26"]
[Round "5"]
[White "Kwiek, Janusz"]
[Black "Mlynarski, Zbigniew"]
[Result "0-1"]
[WhiteElo "1428"]
[BlackElo "1588"]
[PlyCount "82"]
[EventDate "2022.09.28"]
[EventType "tourn"]
[EventRounds "1"]
[EventCountry "POL"]
[SourceDate "2022.09.28"]

1. d4 Nf6 2. Bf4 d5 3. e3 e6 4. Nf3 Be7 5. h3 O-O 6. Bd3 b6 7. Nbd2 Ba6 8. Qe2
Bxd3 9. Qxd3 Nc6 10. a3 Qd7 11. Rc1 Na5 12. b4 Nb7 13. c4 c5 14. Ne5 Qa4 15.
bxc5 bxc5 16. Rb1 Na5 17. O-O cxd4 18. Qxd4 dxc4 19. Nexc4 Rfd8 20. Qc3 Nxc4
21. Nxc4 Rac8 22. Rfc1 h6 23. Qb3 Qe8 24. Rd1 Ne4 25. Rxd8 Rxd8 26. Qb7 Nc3 27.
Re1 Rd7 28. Qb3 Ne4 29. Rd1 Rxd1+ 30. Qxd1 Qb5 31. Qc2 Qd5 32. f3 Nc5 33. e4
Qd8 34. Be3 a6 35. Ne5 Qa5 36. Qc1 Nb3 37. Qc8+ Kh7 38. Kf2 Qxe5 39. Qb7 Bh4+
40. Ke2 Qb2+ 41. Kd3 Nc5+ 0-1

[Event "265th YMCA Autumn B"]
[Site "Warsaw"]
[Date "2022.11.03"]
[Round "6"]
[White "Dropia, Rafal"]
[Black "Mlynarski, Zbigniew"]
[Result "1/2-1/2"]
[WhiteElo "1568"]
[BlackElo "1588"]
[PlyCount "55"]
[EventDate "2022.09.28"]
[EventType "tourn"]
[EventRounds "1"]
[EventCountry "POL"]
[SourceDate "2022.09.28"]

1. d4 Nf6 2. c4 g6 3. f3 Bg7 4. e4 d6 5. Nc3 c5 6. Be3 cxd4 7. Bxd4 Nc6 8. Be3
Be6 9. Qd2 Qa5 10. Nd5 Nxd5 11. cxd5 Nb4 12. Kf2 Rc8 13. Rc1 Rxc1 14. Qxc1 Bd7
15. a3 Na6 16. b4 Qa4 17. Bd3 O-O 18. Bc2 Qb5 19. Ne2 e6 20. Rd1 Rc8 21. Qb1
Nc7 22. a4 Qa6 23. b5 Qa5 24. Bd2 Qb6+ 25. Be3 Qa5 26. Bd2 Qb6+ 27. Be3 Qa5 28.
Bd2 1/2-1/2

[Event "265th YMCA Autumn B"]
[Site "Warsaw"]
[Date "2022.11.02"]
[Round "6"]
[White "Kurowski, Maciej"]
[Black "Kwiek, Janusz"]
[Result "1/2-1/2"]
[WhiteElo "1575"]
[BlackElo "1428"]
[PlyCount "67"]
[EventDate "2022.09.28"]
[EventType "tourn"]
[EventRounds "1"]
[EventCountry "POL"]
[SourceDate "2022.09.28"]

1. e4 c6 2. d4 d5 3. f3 dxe4 4. fxe4 Nf6 5. Nc3 Bg4 6. Nf3 e5 7. dxe5 Qxd1+ 8.
Kxd1 Nfd7 9. Bf4 Bb4 10. h3 Bh5 11. a3 Bxc3 12. bxc3 Nc5 13. Bd3 Nbd7 14. g4
Bg6 15. Re1 O-O-O 16. Re3 Ne6 17. Bg3 Ndc5 18. Ke2 h5 19. Nh4 hxg4 20. Nxg6
fxg6 21. hxg4 g5 22. Rf1 Rdf8 23. Ref3 Rxf3 24. Rxf3 b5 25. Rf7 a6 26. Kd2 Rh3
27. Bf2 Nxd3 28. cxd3 Rh2 29. d4 Nf4 30. Ke1 Rh1+ 31. Kd2 Rh2 32. Ke1 Rh1+ 33.
Kd2 Rh2 34. Ke1 $11 1/2-1/2

[Event "265th YMCA Autumn B"]
[Site "Warsaw"]
[Date "2022.10.21"]
[Round "6"]
[White "Klim, Juliusz"]
[Black "Jaroszuk, Marcin"]
[Result "1-0"]
[WhiteElo "1471"]
[BlackElo "1495"]
[PlyCount "57"]
[EventDate "2022.09.28"]
[EventType "tourn"]
[EventRounds "1"]
[EventCountry "POL"]
[SourceDate "2022.09.28"]

1. e4 e5 2. Nf3 Nc6 3. Bc4 Nf6 4. d3 Be7 5. c3 O-O 6. Nbd2 d6 7. Bb3 Kh8 8. Nf1
Ng8 9. Ng3 f5 10. exf5 Bxf5 11. Nxf5 Rxf5 12. O-O Qd7 13. Be3 Raf8 14. Bc2 d5
15. d4 e4 16. Nd2 Qe6 17. c4 Nf6 18. cxd5 Qxd5 19. g4 Rf3 20. Bxe4 Nxe4 21.
Nxf3 Nf6 22. Nh4 Qd7 23. h3 Nxg4 24. Qxg4 Qxg4+ 25. hxg4 Bxh4 26. g5 Nd8 27.
Kg2 Ne6 28. f4 h6 29. d5 1-0

[Event "265th YMCA Autumn B"]
[Site "Warsaw"]
[Date "2022.11.04"]
[Round "6"]
[White "Szumigaj, Marcin"]
[Black "Krogulski, Maksymilian"]
[Result "1-0"]
[WhiteElo "1510"]
[BlackElo "1559"]
[PlyCount "87"]
[EventDate "2022.09.28"]
[EventType "tourn"]
[EventRounds "1"]
[EventCountry "POL"]
[SourceDate "2022.09.28"]

1. b3 d5 2. e3 c5 3. Bb2 Nf6 4. Nf3 Bg4 5. Be2 e6 6. c4 Be7 7. O-O O-O 8. d3
Nc6 9. a3 dxc4 10. bxc4 Qb6 11. Qc2 Rfd8 12. Nc3 Bd6 13. Rab1 Qc7 14. Nb5 Qb8
15. Nxd6 Rxd6 16. Ne5 Bxe2 17. Qxe2 Qd8 18. Rfd1 Ne7 19. h4 b6 $11 20. h5 Nd7
21. Qf3 f6 22. Nxd7 Rxd7 23. h6 Nf5 24. hxg7 Rxg7 25. Bxf6 Qxf6 26. Qxa8+ Qf8
27. Qxf8+ Kxf8 28. a4 e5 29. a5 Rb7 30. axb6 axb6 31. g3 Ke7 32. Kg2 Kf6 33. g4
Nh4+ 34. Kg3 Ng6 35. f4 exf4+ 36. exf4 Ne7 37. Rh1 Kg7 38. Rh5 h6 39. Rxc5 Rd7
40. Rxb6 Rxd3+ 41. Kf2 Rf3+ 42. Kxf3 Ng8 43. Rb7+ Kf8 44. Rc8# 1-0

[Event "265th YMCA Autumn B"]
[Site "Warsaw"]
[Date "2022.11.07"]
[Round "6"]
[White "Tsiapko, Andrii"]
[Black "Bartczak, Hanna"]
[Result "1-0"]
[WhiteElo "1590"]
[BlackElo "1501"]
[PlyCount "87"]
[EventDate "2022.09.28"]
[EventType "tourn"]
[EventRounds "1"]
[EventCountry "POL"]
[SourceDate "2022.09.28"]

1. d4 d5 2. c4 e6 3. Nf3 c6 4. Nbd2 f5 5. g3 Nf6 6. Bg2 Bd6 7. O-O O-O 8. Qc2
Ne4 9. Ne1 Nd7 10. Ndf3 Qf6 11. Nd3 g5 12. b3 g4 13. Nfe5 Ng5 14. Bf4 Be7 15.
b4 Nxe5 16. Bxe5 Qh6 17. b5 Bd7 18. bxc6 Bxc6 19. cxd5 exd5 20. Qb3 Ne4 21. Nf4
Nd2 22. Bxd5+ Bxd5 23. Qxd5+ Rf7 24. Rfd1 Rd8 25. Qe6 Qxe6 26. Nxe6 Nc4 27.
Nxd8 Bxd8 28. Rac1 Nxe5 29. dxe5 Bb6 30. e6 Re7 31. Rd7 Rxd7 32. exd7 Kf7 33.
Rd1 Ke7 34. Kf1 Bd8 35. e3 b5 36. Ke2 a5 37. e4 fxe4 38. Ke3 b4 39. Kxe4 Ke6
40. Rd5 h5 41. Kd4 Ke7 42. Kc5 Ke6 43. Kc6 a4 44. Rd4 1-0

[Event "265th YMCA Autumn B"]
[Site "Warsaw"]
[Date "2022.11.03"]
[Round "6"]
[White "Wojciechowski, Franciszek"]
[Black "Pichurko, Jakub"]
[Result "1/2-1/2"]
[WhiteElo "1503"]
[BlackElo "1698"]
[PlyCount "34"]
[EventDate "2022.09.28"]
[EventType "tourn"]
[EventRounds "1"]
[EventCountry "POL"]
[SourceDate "2022.09.28"]

1. d4 d5 2. c4 dxc4 3. e4 Nf6 4. Nc3 a6 5. a4 e6 6. Bxc4 Bb4 7. Bg5 h6 8. Bxf6
Qxf6 9. Nge2 O-O 10. O-O Nd7 11. f4 c5 12. e5 Qd8 13. d5 Nb6 14. Ba2 Bxc3 15.
Nxc3 Nxd5 16. Nxd5 exd5 17. Bxd5 Qb6 $11 1/2-1/2

[Event "265th YMCA Autumn B"]
[Site "Warsaw"]
[Date "2022.11.08"]
[Round "7"]
[White "Pichurko, Jakub"]
[Black "Dropia, Rafal"]
[Result "1/2-1/2"]
[WhiteElo "1698"]
[BlackElo "1568"]
[PlyCount "98"]
[EventDate "2022.09.28"]
[EventType "tourn"]
[EventRounds "1"]
[EventCountry "POL"]
[SourceDate "2022.09.28"]

1. Nf3 Nf6 2. d4 d6 3. Bf4 h6 4. h3 g5 5. Bh2 c5 6. dxc5 Qa5+ 7. Qd2 Qxc5 8.
Nc3 Bf5 9. e3 Nc6 10. Nd4 Ne4 11. Nxe4 Bxe4 12. Nxc6 Bxc6 13. Qd4 Qxd4 14. exd4
Bg7 15. c3 e5 16. dxe5 Bxe5 17. f3 O-O-O 18. O-O-O f5 19. Bc4 Rhe8 20. Bxe5
dxe5 21. Rxd8+ Kxd8 22. Rd1+ Kc7 23. Bd5 Re7 24. Bxc6 Kxc6 25. Kc2 e4 26. fxe4
Rxe4 27. Rd8 $11 h5 28. Kd2 g4 29. Rd3 f4 30. b3 Re7 31. hxg4 hxg4 32. Rd4 $11
f3 33. gxf3 gxf3 34. Rf4 Re2+ 35. Kd3 Rxa2 36. Rxf3 a5 37. Rf6+ Kc7 38. Rf7+
Kb6 39. Rf6+ Ka7 40. Rf7 a4 41. bxa4 Rxa4 42. Rh7 Rg4 43. Rd7 Kb6 44. Rh7 Rg3+
45. Kc4 Rg4+ 46. Kd3 Kc6 47. Rh6+ Kc5 48. Rh5+ Kc6 49. Rh6+ Kc5 1/2-1/2

[Event "265th YMCA Autumn B"]
[Site "Warsaw"]
[Date "2022.11.28"]
[Round "7"]
[White "Jaroszuk, Marcin"]
[Black "Szumigaj, Marcin"]
[Result "1-0"]
[WhiteElo "1495"]
[BlackElo "1510"]
[PlyCount "71"]
[EventDate "2022.09.28"]
[EventType "tourn"]
[EventRounds "1"]
[EventCountry "POL"]
[SourceDate "2022.09.28"]

1. Nf3 d5 2. g3 Nf6 3. Bg2 Bf5 4. O-O e6 5. d4 Nbd7 6. c4 c6 7. Nc3 dxc4 8. Nh4
Bg4 9. h3 Bh5 10. g4 Nxg4 11. hxg4 Qxh4 12. gxh5 Nf6 13. e4 Rd8 14. Be3 e5 15.
d5 Ng4 16. Re1 Qh2+ 17. Kf1 Qxh5 18. Qe2 Rd6 19. dxc6 bxc6 20. Red1 Rf6 21. Qd2
Bd6 22. Ne2 Qh4 23. Ng1 Nh2+ 24. Ke1 Rg6 25. Nh3 O-O 26. Bg5 Qg4 27. f4 Bb4 28.
Qxb4 Rxg5 29. Nxg5 Qxg2 30. Qc3 exf4 31. Qh3 Qg1+ 32. Ke2 Qxg5 33. Qxh2 Qg4+
34. Kf2 Rb8 35. b3 cxb3 36. axb3 1-0

[Event "265th YMCA Autumn B"]
[Site "Warsaw"]
[Date "2022.10.11"]
[Round "7"]
[White "Kwiek, Janusz"]
[Black "Klim, Juliusz"]
[Result "0-1"]
[WhiteElo "1428"]
[BlackElo "1471"]
[PlyCount "106"]
[EventDate "2022.09.28"]
[EventType "tourn"]
[EventRounds "1"]
[EventCountry "POL"]
[SourceDate "2022.09.28"]

1. d4 d5 2. Bf4 Nf6 3. e3 c5 4. Bb5+ Nc6 5. Nf3 Qb6 6. Bxc6+ bxc6 7. b3 Ba6 8.
Nbd2 e6 9. c4 cxd4 10. exd4 Bb4 11. O-O Bc3 12. Rc1 Bxd4 13. Nxd4 Qxd4 14. Bd6
Rd8 15. Ba3 dxc4 16. Nxc4 Bxc4 17. Qxd4 Rxd4 18. Rxc4 Rxc4 19. bxc4 Kd8 20. Bc5
Kc7 21. a3 Ra8 22. Rd1 Ne4 23. Be3 f6 24. f3 Nd6 25. Rc1 Rb8 26. Bxa7 Ra8 27.
Bc5 Nb7 28. Bf2 Rxa3 29. c5 e5 30. h4 Ra5 31. g4 Kd7 32. Kg2 Ke6 33. Kg3 Kd5
34. Rd1+ Ke6 35. Rc1 Rb5 36. Rc2 g6 37. Rc1 Rb3 38. Kg2 h5 39. gxh5 gxh5 40.
Rc2 f5 41. Rc1 e4 42. fxe4 fxe4 43. Re1 Kf5 44. Rc1 e3 45. Bg3 Ke4 46. Bd6 Rb2+
47. Kf1 Kf3 48. Ke1 Rg2 49. Kd1 Rg1+ 50. Kc2 Rxc1+ 51. Kxc1 e2 52. Kd2 Nxd6 53.
cxd6 Kf2 0-1

[Event "265th YMCA Autumn B"]
[Site "Warsaw"]
[Date "2022.11.09"]
[Round "7"]
[White "Mlynarski, Zbigniew"]
[Black "Kurowski, Maciej"]
[Result "1/2-1/2"]
[WhiteElo "1588"]
[BlackElo "1575"]
[PlyCount "56"]
[EventDate "2022.09.28"]
[EventType "tourn"]
[EventRounds "1"]
[EventCountry "POL"]
[SourceDate "2022.09.28"]

1. d4 d5 2. Nf3 Nf6 3. Bg5 Ne4 4. Bf4 c5 5. e3 Nc6 6. c3 Qb6 7. Qc2 Bf5 8. Qc1
cxd4 9. exd4 h6 10. h4 e6 11. Nbd2 Bd6 12. Bxd6 Nxd6 13. Be2 Qd8 14. O-O O-O
15. g3 Qf6 16. Re1 Ne4 17. Bf1 Rfc8 18. Qd1 Bg4 19. Be2 Bf5 20. Qb3 Rab8 21.
Bf1 g5 22. hxg5 hxg5 23. Nxe4 Bxe4 24. Nd2 Bf5 25. Bg2 Kg7 26. Nf1 Rh8 27. Ne3
Be4 28. Qd1 Bxg2 1/2-1/2

[Event "265th YMCA Autumn B"]
[Site "Warsaw"]
[Date "2022.11.15"]
[Round "8"]
[White "Dropia, Rafal"]
[Black "Kurowski, Maciej"]
[Result "1-0"]
[WhiteElo "1568"]
[BlackElo "1575"]
[PlyCount "55"]
[EventDate "2022.09.28"]
[EventType "tourn"]
[EventRounds "1"]
[EventCountry "POL"]
[SourceDate "2022.09.28"]

1. d4 d5 2. Nf3 Nf6 3. g3 Bf5 4. Bg2 e6 5. O-O Be7 6. c4 c6 7. Nc3 Nbd7 8. b3
Ne4 9. Bb2 O-O 10. Nd2 Nxd2 11. Qxd2 dxc4 12. e4 Bg6 13. bxc4 Nb6 14. Qd3 c5
15. d5 Bf6 16. Rab1 Rb8 17. Rfd1 Bd4 18. Ne2 exd5 19. cxd5 Nxd5 20. Nxd4 cxd4
21. Qxd4 Nf6 22. Qxa7 Qc8 23. Rbc1 Qe6 24. e5 Ra8 25. Qd4 Rfd8 26. Qxd8+ Rxd8
27. Rxd8+ Ne8 28. Bd5 1-0

[Event "265th YMCA Autumn B"]
[Site "Warsaw"]
[Date "2022.11.16"]
[Round "8"]
[White "Klim, Juliusz"]
[Black "Mlynarski, Zbigniew"]
[Result "1-0"]
[WhiteElo "1471"]
[BlackElo "1588"]
[PlyCount "57"]
[EventDate "2022.09.28"]
[EventType "tourn"]
[EventRounds "1"]
[EventCountry "POL"]
[SourceDate "2022.09.28"]

1. e4 e5 2. Nf3 Nc6 3. Bc4 Be7 4. O-O Nf6 5. d4 exd4 6. e5 Ne4 7. Bd5 Nc5 8.
Nxd4 Nxd4 9. Qxd4 Ne6 10. Qg4 O-O 11. Nc3 d6 12. exd6 Qxd6 13. Be3 c6 14. Bc4
Nc7 15. Qf3 Be6 16. Bf4 Qb4 17. Bb3 Bxb3 18. axb3 Nb5 19. Ra4 Qc5 20. Be3 Qe5
21. Re4 Qf6 22. Nxb5 cxb5 23. Qe2 Bd6 24. Qxb5 Qxb2 25. Bd4 Qxc2 26. Rg4 g6 27.
Qh5 Rfe8 28. Qxh7+ Kxh7 29. Rh4+ 1-0

[Event "265th YMCA Autumn B"]
[Site "Warsaw"]
[Date "2022.11.16"]
[Round "8"]
[White "Szumigaj, Marcin"]
[Black "Kwiek, Janusz"]
[Result "1/2-1/2"]
[WhiteElo "1510"]
[BlackElo "1428"]
[PlyCount "132"]
[EventDate "2022.09.28"]
[EventType "tourn"]
[EventRounds "1"]
[EventCountry "POL"]
[SourceDate "2022.09.28"]

1. e4 c6 2. d4 d5 3. Nc3 dxe4 4. Nxe4 Nf6 5. Nxf6+ exf6 6. c3 Bf5 7. Nf3 Bd6 8.
Be3 Nd7 9. Be2 O-O 10. O-O Qc7 11. Qd2 Rfe8 12. c4 c5 13. g3 a5 14. Rfe1 a4 15.
Rad1 Nf8 16. Nh4 Bh3 17. d5 Qd7 18. Ng2 Ng6 19. Nf4 Nxf4 20. Bxf4 Be5 21. Bxe5
fxe5 22. Qe3 b6 23. f3 Bf5 24. Bd3 Bxd3 25. Rxd3 Rad8 26. Red1 f6 27. Ra3 Ra8
28. Qd3 Reb8 29. d6 g6 30. Qd5+ Qf7 31. Qe4 Qd7 32. f4 exf4 33. Qxf4 Kf7 34.
Rf1 f5 35. g4 Rf8 36. gxf5 gxf5 37. Re3 Rae8 38. Qxf5+ Qxf5 39. Rxf5+ Kg6 40.
Rxf8 Rxf8 41. d7 Rd8 42. Re6+ Kg7 43. Rxb6 Rxd7 44. Rb5 Rd2 45. b3 a3 46. Rxc5
Rxa2 47. Ra5 Ra1+ 48. Kg2 a2 49. b4 Kf6 50. b5 Ke6 51. c5 Rb1 52. Rxa2 Rxb5 53.
Ra6+ Kf5 54. Rh6 Kg5 55. Rc6 Rb3 56. Rc8 Rc3 57. Rc7 h5 58. c6 Kh4 59. Rc8 Rc2+
60. Kg1 Rc1+ 61. Kf2 Rc2+ 62. Kf3 Rxh2 63. c7 Rc2 64. Ke4 Kh3 65. Kd3 Rc1 66.
Kd2 Rc6 1/2-1/2

[Event "265th YMCA Autumn B"]
[Site "Warsaw"]
[Date "2022.11.25"]
[Round "8"]
[White "Tsiapko, Andrii"]
[Black "Jaroszuk, Marcin"]
[Result "1-0"]
[WhiteElo "1590"]
[BlackElo "1495"]
[PlyCount "95"]
[EventDate "2022.09.28"]
[EventType "tourn"]
[EventRounds "1"]
[EventCountry "POL"]
[SourceDate "2022.09.28"]

1. d4 Nf6 2. Nf3 e6 3. c4 d5 4. g3 Be7 5. Bg2 O-O 6. O-O dxc4 7. Ne5 Nc6 8.
Bxc6 bxc6 9. Nd2 Qxd4 10. Nxc6 Qc5 11. Nxe7+ Qxe7 12. Nxc4 Rd8 13. Qc2 Bb7 14.
b3 Qc5 15. Ba3 Qh5 16. f3 Rd7 17. Rad1 Rad8 18. Be7 Rxd1 19. Rxd1 Rxd1+ 20.
Qxd1 Qd5 21. Qxd5 Nxd5 22. Bc5 Nc3 23. Kf2 Nxa2 24. Bxa7 Nc3 25. Ke3 Kf8 26.
Bd4 Nd5+ 27. Kd3 Ba6 28. Bc5+ Ke8 29. e4 Nb6 30. Bxb6 cxb6 31. Kd4 Bxc4 32.
Kxc4 Kd7 33. Kb5 Kc7 34. e5 g5 35. Ka6 Kc6 36. b4 h5 37. h4 Kd5 38. Kxb6 Kxe5
39. Kc5 gxh4 40. gxh4 Kf4 41. b5 Kxf3 42. b6 e5 43. b7 e4 44. b8=Q e3 45. Kd4
e2 46. Qb3+ Kf2 47. Qe3+ Kf1 48. Qf3+ 1-0

[Event "265th YMCA Autumn B"]
[Site "Warsaw"]
[Date "2022.11.17"]
[Round "8"]
[White "Wojciechowski, Franciszek"]
[Black "Krogulski, Maksymilian"]
[Result "1-0"]
[WhiteElo "1503"]
[BlackElo "1559"]
[PlyCount "71"]
[EventDate "2022.09.28"]
[EventType "tourn"]
[EventRounds "1"]
[EventCountry "POL"]
[SourceDate "2022.09.28"]

1. d4 d5 2. c4 c6 3. cxd5 cxd5 4. Bf4 Nf6 5. Nc3 a6 6. e3 Nc6 7. Bd3 e6 8. a3
Bd6 9. Bxd6 Qxd6 10. f4 O-O 11. Nf3 b5 12. O-O Nd7 13. Ne5 f5 14. g4 Ncxe5 15.
fxe5 Qe7 16. gxf5 Qg5+ 17. Kh1 exf5 18. Qf3 Nb6 19. Rg1 Qd8 20. Rg3 Be6 21.
Rag1 Ra7 22. Qg2 g6 23. Ne2 Qe8 24. h4 Rg7 25. h5 Kf7 26. Nf4 Rh8 27. Nxe6 Qxe6
28. Bxf5 Qe7 29. Rf1 Ke8 30. Kg1 g5 31. e4 dxe4 32. Qxe4 h6 33. Qc6+ Kd8 34.
Qxb6+ Ke8 35. Qc6+ Kd8 36. Qc8# 1-0

[Event "265th YMCA Autumn B"]
[Site "Warsaw"]
[Date "2022.11.16"]
[Round "8"]
[White "Pichurko, Jakub"]
[Black "Bartczak, Hanna"]
[Result "1/2-1/2"]
[WhiteElo "1698"]
[BlackElo "1501"]
[PlyCount "29"]
[EventDate "2022.09.28"]
[EventType "tourn"]
[EventRounds "1"]
[EventCountry "POL"]
[SourceDate "2022.09.28"]

1. d4 g6 2. Bf4 Bg7 3. Nc3 d6 4. e4 Nf6 5. Qd2 c6 6. Be2 Bd7 7. Nf3 b5 8. a3
O-O 9. O-O a5 10. e5 dxe5 11. Nxe5 Qb6 12. Bf3 Ra7 13. Rfe1 Rd8 14. Qe2 Be8 15.
Be3 $11 1/2-1/2

[Event "265th YMCA Autumn B"]
[Site "Warsaw"]
[Date "2022.11.23"]
[Round "9"]
[White "Bartczak, Hanna"]
[Black "Dropia, Rafal"]
[Result "0-1"]
[WhiteElo "1501"]
[BlackElo "1568"]
[PlyCount "66"]
[EventDate "2022.09.28"]
[EventType "tourn"]
[EventRounds "1"]
[EventCountry "POL"]
[SourceDate "2022.09.28"]

1. d4 c5 2. d5 e6 3. c4 Nf6 4. Nc3 exd5 5. cxd5 d6 6. e4 Be7 7. h3 a6 8. Bf4 b5
9. f3 Nh5 10. Qd2 Bh4+ 11. Kd1 Nxf4 12. Qxf4 Bg5 13. Qg3 O-O 14. f4 Bh4 15. Qf3
Bf6 16. Rb1 Re8 17. Bd3 Nd7 18. Nge2 c4 19. Bc2 Nc5 20. g4 g6 21. g5 Bh8 22. h4
Bd7 23. b4 cxb3 24. axb3 Qc8 25. b4 Bg4 26. Qe3 Nd7 27. Kd2 f5 28. Ng3 Nb6 29.
Bb3 Nc4+ 30. Bxc4 Qxc4 31. Rhc1 Bd4 32. Qd3 Rac8 33. Nxb5 Qa2+ 0-1

[Event "265th YMCA Autumn B"]
[Site "Warsaw"]
[Date "2022.11.24"]
[Round "9"]
[White "Jaroszuk, Marcin"]
[Black "Wojciechowski, Franciszek"]
[Result "0-1"]
[WhiteElo "1495"]
[BlackElo "1503"]
[PlyCount "80"]
[EventDate "2022.09.28"]
[EventType "tourn"]
[EventRounds "1"]
[EventCountry "POL"]
[SourceDate "2022.09.28"]

1. d4 Nf6 2. Nf3 e6 3. g3 b6 4. Bg2 Bb7 5. O-O Be7 6. c4 O-O 7. Nc3 Ne4 8. Nxe4
Bxe4 9. Ne1 Bxg2 10. Nxg2 d6 11. e4 Nd7 12. Re1 e5 13. Be3 exd4 14. Bxd4 Bf6
15. Bxf6 Qxf6 16. Qc2 Ne5 17. Re3 Ng4 18. Rd3 Qh6 19. h4 f5 20. Ne3 Nxe3 21.
Rxe3 f4 22. Rd3 Rae8 23. Re1 Qg6 24. Qe2 Re5 25. Rf3 fxg3 26. Rxg3 Qf6 27. Rh3
Rh5 28. Qd2 Rxh4 29. Rxh4 Qxh4 30. e5 Qg4+ 31. Kh2 dxe5 32. Qd5+ Kh8 33. Rf1
Qf4+ 34. Kg2 h6 35. f3 Rf6 36. Qd8+ Kh7 37. Qd3+ Rg6+ 38. Kf2 Qd4+ 39. Ke2
Qxb2+ 40. Ke3 Qd4+ 0-1

[Event "265th YMCA Autumn B"]
[Site "Warsaw"]
[Date "2022.11.23"]
[Round "9"]
[White "Kwiek, Janusz"]
[Black "Tsiapko, Andrii"]
[Result "1/2-1/2"]
[WhiteElo "1428"]
[BlackElo "1590"]
[PlyCount "211"]
[EventDate "2022.09.28"]
[EventType "tourn"]
[EventRounds "1"]
[EventCountry "POL"]
[SourceDate "2022.09.28"]

1. d4 d5 2. Bf4 Nf6 3. e3 e6 4. Nf3 Bd6 5. Bd3 O-O 6. Nbd2 b6 7. O-O Bb7 8. c3
c5 9. Bxd6 Qxd6 10. Re1 Nbd7 11. a4 e5 12. dxe5 Nxe5 13. Nxe5 Qxe5 14. Nf3 Qh5
15. Nd2 Qh6 16. e4 Rad8 17. Qe2 dxe4 18. Nxe4 Nxe4 19. Bxe4 Rd2 20. Qf3 Bxe4
21. Rxe4 Rxb2 22. Re7 Qg6 23. h3 a5 24. Rae1 Rb1 25. Rxb1 Qxb1+ 26. Kh2 Qb3 27.
Qc6 h6 28. Re3 Qb1 29. Rg3 Kh8 30. Qd6 Rg8 31. Qc7 Qb3 32. Qd7 Qe6 33. Qc7 Rc8
34. Qb7 Rd8 35. Qc7 Rd7 36. Qb8+ Kh7 37. Qf8 f5 38. Qb8 c4 39. Qc8 Rd6 40. Qc7
Rd7 41. Qc8 Qd5 42. Qe8 Rf7 43. h4 Qd7 44. Qe2 f4 45. Rf3 Qxa4 46. Qe4+ Kg8 47.
Rxf4 Rxf4 48. Qxf4 Qc6 49. g4 b5 50. g5 hxg5 51. hxg5 b4 52. g6 Qxg6 53. Qxc4+
Kh7 54. cxb4 Qd6+ 55. Kg2 axb4 56. Qh4+ Kg8 57. Qc4+ Kf8 58. Qc8+ Kf7 59. Qb7+
Qe7 60. Qd5+ Kg6 61. Kf1 Qh4 62. Ke1 Qe7+ 63. Kd1 Qh4 64. Qd6+ Kh7 65. f4 Qh5+
66. Kd2 Qh2+ 67. Kc1 Qg1+ 68. Kb2 Qg2+ 69. Kb3 Qe4 70. Qd2 Qb1+ 71. Kc4 b3 72.
Qh2+ Kg8 73. Kc3 Qa2 74. Qh5 Qc2+ 75. Kb4 Qe4+ 76. Kxb3 Qxf4 77. Kc3 g5 78.
Qg6+ Kf8 79. Qh6+ Kf7 80. Kd3 Qf3+ 81. Kd4 g4 82. Qh5+ Kf6 83. Qe5+ Kf7 84.
Qh5+ Ke7 85. Qh7+ Kd6 86. Qg6+ Kc7 87. Qe4 Qf2+ 88. Kd3 g3 89. Qe7+ Kc6 90.
Qe6+ Kb5 91. Qc4+ Ka5 92. Qd5+ Ka4 93. Qc4+ Ka3 94. Qc1+ Ka2 95. Qc4+ Ka3 96.
Qc1+ Kb4 97. Qc4+ Ka5 98. Qd5+ Kb6 99. Qd6+ Kb7 100. Qd7+ Kb6 101. Qd6+ Kb5
102. Qd5+ Ka4 103. Qc4+ Ka3 104. Qc3+ Ka2 105. Qc4+ Ka1 106. Qc1+ 1/2-1/2